[Event "Oviedo op 3rd"]
[Site "Oviedo"]
[Date "2008.07.27"]
[Round "5"]
[White "Arias Torio, Sergio"]
[Black "Guerrero Olmos, Sergio"]
[Result "0-1"]
[WhiteElo "2140"]
[BlackElo "2325"]
[PlyCount "64"]
[EventDate "2008.07.23"]
[EventType "swiss"]
[EventRounds "9"]
[EventCountry "ESP"]
[SourceTitle "CBM 125 Extra"]
[Source "ChessBase"]
[SourceDate "2008.09.01"]
[SourceVersion "1"]
[SourceVersionDate "2008.09.01"]
[SourceQuality "1"]

1. e4 e5 2. Nf3 Nc6 3. d4 exd4 4. Bc4 Nf6 5. e5 d5 6. Bb5 Ne4 7. Nxd4 Bc5 8. 0-0 0-0 9. Bxc6 bxc6 10. Be3 Re8 11. f3 Nd6 12. Bf2 Nc4 13. Nxc6 Bxf2+ 14. Rxf2 Qd7 15. Nb4 Rxe5 16. Nc3 d4 17. Ne2 c5 18. Nd3 Rg5 19. c3 Ne3 20. Qd2 Bb7 21. cxd4 cxd4 22. Ng3 Rc8 23. Rc1 Rxc1+ 24. Qxc1 Qb5 25. Rd2 h5 26. Ne4 Bxe4 27. fxe4 Qb7 28. Nc5 Qc6 29. Rxd4 Rxg2+ 30. Kh1 Re2 31. b4 Qg6 32. Qg1 Re1 0-1

[Event "Oviedo op 3rd"]
[Site "Oviedo"]
[Date "2008.07.25"]
[Round "3"]
[White "Martinez Rodriguez, Ezequiel"]
[Black "Arias Torio, Sergio"]
[Result "0-1"]
[WhiteElo "1842"]
[BlackElo "2140"]
[PlyCount "68"]
[EventDate "2008.07.23"]
[EventType "swiss"]
[EventRounds "9"]
[EventCountry "ESP"]
[SourceTitle "CBM 125 Extra"]
[Source "ChessBase"]
[SourceDate "2008.09.01"]
[SourceVersion "1"]
[SourceVersionDate "2008.09.01"]
[SourceQuality "1"]

1. d4 f5 2. g3 Nf6 3. Bg2 g6 4. Nf3 Bg7 5. 0-0 0-0 6. c4 d6 7. Nc3 Qe8 8. Bg5 c6 9. Re1 Ne4 10. Qd3 Nxg5 11. Nxg5 h6 12. Nh3 e5 13. dxe5 dxe5 14. e4 f4 15. f3 Be6 16. Nf2 Nd7 17. g4 Rf7 18. Bf1 Bf8 19. Kg2 Be7 20. Red1 h5 21. h3 Qf8 22. Be2 Bc5 23. a3 a5 24. Rac1 Bd4 25. Na4 Qe7 26. Nh1 Qh4 27. Rf1 Raf8 28. Qd1 Rh7 29. Qe1 Qxh3+ 30. Kxh3 hxg4+ 31. Kg2 g3 32. Qxg3 fxg3 33. Kxg3 Nf6 34. f4 Nxe4+ 0-1

[Event "Gijon op 2nd"]
[Site "Gijon"]
[Date "2007.06.29"]
[Round "6.9"]
[White "Arias Torio, Sergio"]
[Black "Chans Farina, Juan Francisco"]
[Result "1/2-1/2"]
[WhiteElo "2153"]
[BlackElo "1968"]
[PlyCount "80"]
[EventDate "2007.06.25"]
[EventType "swiss"]
[EventRounds "8"]
[EventCountry "ESP"]
[SourceTitle "CBM 119 Extra"]
[Source "ChessBase"]
[SourceDate "2007.09.04"]
[SourceVersion "1"]
[SourceVersionDate "2007.09.04"]
[SourceQuality "1"]

1. c4 c6 2. e4 d5 3. exd5 cxd5 4. d4 Nf6 5. Nc3 Nc6 6. Nf3 Bg4 7. cxd5 Nxd5 8. Qb3 Bxf3 9. gxf3 e6 10. Qxb7 Nxd4 11. Bb5+ Nxb5 12. Qc6+ Ke7 13. Qxb5 Qd7 14. Nxd5+ Qxd5 15. Qxd5 exd5 16. Be3 Ke6 17. Rc1 Bb4+ 18. Ke2 Rhd8 19. Bd4 f6 20. Rhg1 Rd7 21. Rc6+ Kf7 22. Kd3 Bd6 23. h3 Re8 24. Ra6 Be5 25. Re1 Bxd4 26. Rxe8 Kxe8 27. Kxd4 Rb7 28. b3 Rb4+ 29. Kxd5 Rh4 30. Rxa7 Rxh3 31. b4 Rxf3 32. b5 Kd8 33. a4 Kc8 34. a5 Rxf2 35. Rxg7 Ra2 36. a6 Kb8 37. Rxh7 Rc2 38. b6 Rd2+ 39. Ke6 Rd8 40. Kxf6 Rd6+ 1/2-1/2

[Event "Oviedo op"]
[Site "Oviedo"]
[Date "2006.07.07"]
[Round "7.4"]
[White "Arias Torio, Sergio"]
[Black "Cabello Fernandez, Enrique"]
[Result "0-1"]
[WhiteElo "2170"]
[BlackElo "2114"]
[PlyCount "102"]
[EventDate "2006.07.01"]
[EventType "swiss"]
[EventRounds "9"]
[EventCountry "ESP"]
[SourceTitle "CBM 113 Extra"]
[Source "ChessBase"]
[SourceDate "2006.09.14"]
[SourceVersion "1"]
[SourceVersionDate "2006.09.14"]
[SourceQuality "1"]

1. d4 d5 2. c4 e6 3. Nf3 Nf6 4. Bg5 Be7 5. Nc3 Nbd7 6. e3 0-0 7. Qc2 c5 8. cxd5 Nxd5 9. Bxe7 Qxe7 10. Bc4 Nb4 11. Qe2 Nf6 12. 0-0 a6 13. a3 Nc6 14. Ba2 b5 15. dxc5 Qxc5 16. Rac1 Qb6 17. b4 Bb7 18. e4 Nd4 19. Nxd4 Qxd4 20. Rfd1 Qe5 21. f3 Rac8 22. Qe3 g5 23. Rd3 Rc7 24. Ne2 Rxc1+ 25. Qxc1 Rc8 26. Rc3 Rxc3 27. Qxc3 Qxc3 28. Nxc3 Kf8 29. a4 bxa4 30. Nxa4 Nd7 31. Bc4 Ke7 32. Be2 Kd6 33. Kf2 f5 34. exf5 exf5 35. Ke3 Ke5 36. Kd3 Bc6 37. Nc3 Nb6 38. Kc2 Bb7 39. Bd3 h5 40. Kb3 h4 41. h3 Kf4 42. Na4 Bd5+ 43. Ka3 Nc4+ 44. Kb3 Nb6+ 45. Ka3 Nc4+ 46. Kb3 Ne3+ 47. Kc3 Nxg2 48. Kd4 Bxf3 49. Nc5 g4 50. Bxa6 gxh3 51. Nd3+ Kg3 0-1

[Event "Oviedo op"]
[Site "Oviedo"]
[Date "2006.07.03"]
[Round "3.9"]
[White "Suarez Calvo, Alesandra"]
[Black "Arias Torio, Sergio"]
[Result "0-1"]
[WhiteElo "1923"]
[BlackElo "2170"]
[PlyCount "52"]
[EventDate "2006.07.01"]
[EventType "swiss"]
[EventRounds "9"]
[EventCountry "ESP"]
[SourceTitle "CBM 113 Extra"]
[Source "ChessBase"]
[SourceDate "2006.09.14"]
[SourceVersion "1"]
[SourceVersionDate "2006.09.14"]
[SourceQuality "1"]

1. e4 c5 2. Nf3 e6 3. d4 cxd4 4. Nxd4 Nf6 5. Nc3 d6 6. Be2 Be7 7. Be3 0-0 8. 0-0 a6 9. Nb3 Qc7 10. f4 Nc6 11. Bf3 Re8 12. Qe1 Bd7 13. Qg3 Rac8 14. Kh1 b5 15. a3 b4 16. axb4 Nxb4 17. Rf2 Bc6 18. Na5 Ba8 19. e5 Nfd5 20. Nxd5 Nxd5 21. Bd4 Bf8 22. f5 exf5 23. Bxd5 Bxd5 24. Rxf5 Qxc2 25. Raf1 dxe5 26. Bxe5 Qxf5 0-1

[Event "Asturias-ch"]
[Site "Oviedo"]
[Date "2004.04.03"]
[Round "9"]
[White "Brosa Alvarez, Ricardo Carlos"]
[Black "Arias Torio, Sergio"]
[Result "1-0"]
[WhiteElo "2142"]
[BlackElo "2177"]
[PlyCount "69"]
[EventDate "2004.02.21"]
[EventType "swiss"]
[EventRounds "11"]
[EventCountry "ESP"]
[SourceTitle "EXT 2005"]
[Source "ChessBase"]
[SourceDate "2004.11.15"]
[SourceVersion "1"]
[SourceVersionDate "2004.11.15"]
[SourceQuality "1"]

1. e4 e6 2. d4 d5 3. Nc3 Nc6 4. e5 Nge7 5. Nf3 Nf5 6. Bb5 Bd7 7. 0-0 h5 8. a4 Be7 9. Ne2 a6 10. Bd3 Nb4 11. Bxf5 exf5 12. c3 Nc6 13. Nf4 Be6 14. Ne1 h4 15. b3 g5 16. Nh5 h3 17. Ba3 hxg2 18. Nxg2 f4 19. Bxe7 Nxe7 20. Nf6+ Kf8 21. h4 gxh4 22. Nxf4 Ng8 23. N4h5 Bh3 24. Re1 Qc8 25. Qf3 c6 26. Kh2 Bf5 27. Rg1 Be4 28. Qe3 Nxf6 29. Nxf6 Qf5 30. Nxe4 dxe4 31. Rg5 Qe6 32. c4 Qe7 33. Rag1 Qb4 34. Qf4 Re8 35. Qf6 1-0

[Event "Asturias-chT Preferente 0304"]
[Site "Asturias"]
[Date "2003.11.29"]
[Round "4"]
[White "Arias Torio, Sergio"]
[Black "Hermida Gonzalez, Pedro Pablo"]
[Result "0-1"]
[WhiteElo "2144"]
[BlackElo "2267"]
[PlyCount "60"]
[EventDate "2003.??.??"]
[EventType "team-tourn"]
[EventRounds "7"]
[EventCountry "ESP"]
[SourceTitle "EXT 2007"]
[Source "ChessBase"]
[SourceDate "2006.11.23"]
[SourceVersion "1"]
[SourceVersionDate "2006.11.23"]
[SourceQuality "1"]

1. d4 g6 2. c4 Bg7 3. Nc3 d6 4. e4 Nf6 5. Be2 0-0 6. Nf3 e5 7. d5 a5 8. Bg5 h6 9. Bh4 Na6 10. Nd2 Bd7 11. 0-0 Qe8 12. Rb1 Nh7 13. Nb5 h5 14. f3 Bh6 15. Kh1 Kg7 16. b3 Be3 17. a3 f5 18. exf5 Bxf5 19. Ne4 g5 20. Qd3 Bb6 21. Be1 Nc5 22. Qc2 Qg6 23. Nbc3 Nf6 24. Bd2 Ncxe4 25. fxe4 Nxe4 26. Rxf5 Nf2+ 27. Kg1 Rxf5 28. Qc1 Nh3+ 29. Kh1 Nf2+ 30. Kg1 Nd3+ 0-1

[Event "Asturias-chT Preferente 0304"]
[Site "Asturias"]
[Date "2003.11.08"]
[Round "1"]
[White "Perez Ramos, Fernando Maria"]
[Black "Arias Torio, Sergio"]
[Result "1/2-1/2"]
[WhiteElo "2181"]
[BlackElo "2144"]
[PlyCount "63"]
[EventDate "2003.??.??"]
[EventType "team-tourn"]
[EventRounds "7"]
[EventCountry "ESP"]
[SourceTitle "EXT 2007"]
[Source "ChessBase"]
[SourceDate "2006.11.23"]
[SourceVersion "1"]
[SourceVersionDate "2006.11.23"]
[SourceQuality "1"]

1. e4 e6 2. d4 d5 3. Nc3 Nc6 4. Nf3 Nf6 5. e5 Ne4 6. Ne2 Na5 7. Ng3 c5 8. dxc5 Nxg3 9. hxg3 Bxc5 10. c3 Qb6 11. Qc2 Nc4 12. b4 Bf8 13. Bxc4 dxc4 14. Rxh7 Rxh7 15. Qxh7 Bd7 16. Qh4 a5 17. Be3 Qc7 18. bxa5 Qxa5 19. Bd4 Qa3 20. Nd2 Qb2 21. Rb1 Qxa2 22. Rxb7 Qc2 23. Rb1 Bc6 24. Qf4 Be7 25. Kf1 g5 26. Qe3 Ra2 27. Ke1 g4 28. Ba7 Bxg2 29. Rb8+ Bd8 30. Rxd8+ Kxd8 31. Qb6+ Kd7 32. Qd6+ 1/2-1/2

[Event "Internet Section 17-A"]
[Site "Dos Hermanas"]
[Date "2003.03.17"]
[Round "7"]
[White "Arias Torio, Sergio"]
[Black "Thorhallsson, Gylfi"]
[Result "0-1"]
[WhiteElo "2184"]
[BlackElo "2202"]
[PlyCount "142"]
[EventDate "2003.03.17"]
[EventType "swiss (blitz)"]
[EventRounds "9"]
[EventCountry "ESP"]
[SourceTitle "EXT 2004"]
[Source "ChessBase"]
[SourceDate "2003.11.25"]
[SourceVersion "1"]
[SourceVersionDate "2003.11.25"]
[SourceQuality "1"]

1. d4 Nf6 2. Nf3 e6 3. Bg5 Be7 4. Nbd2 d5 5. e3 0-0 6. Bd3 Nbd7 7. c3 c5 8. Ne5 cxd4 9. exd4 h6 10. Bf4 Nxe5 11. dxe5 Nd7 12. Qe2 Re8 13. h4 a6 14. Nf3 Nc5 15. Bc2 Qb6 16. b4 Ne4 17. Bxe4 dxe4 18. Qxe4 Bd7 19. Be3 Qc7 20. Bd4 Bc6 21. Qe3 Bd5 22. Rh3 Qc6 23. h5 a5 24. Rg3 Kh7 25. Qd3+ Be4 26. b5 Bxd3 27. bxc6 bxc6 28. Ng5+ hxg5 29. Rxd3 Red8 30. Rad1 Rab8 31. c4 Rb4 32. Rc3 Ra4 33. Rc2 Bb4+ 34. Ke2 c5 35. Be3 Rxd1 36. Kxd1 g4 37. g3 Ra3 38. Ke2 Rc3 39. Rxc3 Bxc3 40. Bxc5 Bxe5 41. a4 Kh6 42. Bb6 Bc3 43. c5 Bd4 44. f3 gxf3+ 45. Kxf3 Kxh5 46. g4+ Kg6 47. Ke4 Bg1 48. Kd3 f5 49. gxf5+ exf5 50. Kc4 f4 51. Kb5 f3 52. c6 Bxb6 53. Kxb6 f2 54. c7 f1Q 55. c8Q Qe1 56. Qg4+ Kh6 57. Qh3+ Kg5 58. Qg2+ Kf6 59. Qc6+ Qe6 60. Qxe6+ Kxe6 61. Kxa5 g5 62. Kb5 g4 63. a5 Kd7 64. Kb6 g3 65. a6 g2 66. a7 g1Q+ 67. Kb7 Qb1+ 68. Ka8 Qe4+ 69. Kb8 Qb4+ 70. Ka8 Qc5 71. Kb7 Qc6+ 0-1